| 000 | 00698nam a2200205 a 4500 | ||
|---|---|---|---|
| 005 | 20240418063741.0 | ||
| 008 | 020211s1998 r 000 0 eng d | ||
| 020 | _a9688632341 | ||
| 035 | _aUPN01000115961 | ||
| 049 | _aCG | ||
| 050 | 4 |
_aF1409.7 _bI3.3 |
|
| 245 | 0 | 0 |
_aIdentidad en el imaginario nacional : _breescritura y enseñanza de la historia / _ccoord. Javier Pérez Siller. |
| 260 |
_aMéxico : _bEl Colegio de San Luis : _bUAP, _c1998. |
||
| 300 |
_a517 p. : _bil. |
||
| 651 | 4 |
_aAMERICA LATINA - _xHISTORIOGRAFIA _9919 |
|
| 651 | 4 |
_aMéxico _xHistoriografía _91528 |
|
| 651 | 4 |
_aMéxico _xHistoria _xEstudio y enseñanza _99911 |
|
| 700 | 1 |
_aPérez Siller, Javier, _ecoord. |
|
| 905 | _aLibro | ||
| 999 |
_c88873 _d88873 |
||